| 000 | 00774cam a2200241 4500500 | ||
|---|---|---|---|
| 005 | 20260405003613.0 | ||
| 041 | _afre | ||
| 042 | _adc | ||
| 100 | 1 | 0 |
_aBoulu-Reshef, Béatrice _eauthor |
| 700 | 1 | 0 |
_aCharles, Loïc _eauthor |
| 245 | 0 | 0 | _aLa science économique à l’ère de la science ouverte |
| 260 | _c2026. | ||
| 500 | _a8 | ||
| 520 | _aClassification JEL :A11, B41, C80, C81, C82, Y80. | ||
| 690 | _aaccès ouvert | ||
| 690 | _areproductibilité | ||
| 690 | _ascience ouverte | ||
| 690 | _aopen access | ||
| 690 | _aopen science | ||
| 690 | _areproducibility | ||
| 786 | 0 | _nRevue économique | 76 | 5 | 2026-02-20 | p. 677-695 | 0035-2764 | |
| 856 | 4 | 1 | _uhttps://shs.cairn.info/revue-revue-economique-2025-5-page-677?lang=fr&redirect-ssocas=7080 |
| 999 |
_c2069172 _d2069172 |
||